| 000 | 00331nam a2200109Ia 4500 | ||
|---|---|---|---|
| 008 | 171211s9999 xx 000 0 und d | ||
| 245 | _aEnvisioning Dance on Film and Video | ||
| 245 | _cDale Ann Stieber, Elizabeth Zimmer, and Judy Mitoma | ||
| 260 | _c2003 | ||
| 650 | _xART | ||
| 856 | _uhttp://down.ebook777.com/062/0415941717.pdf | ||
| 999 |
_c348550 _d348550 |
||